00461nam a2200121Ia 4500008004100000020001800041100001900059245014900078260004700227300002900274650001300303650002300316191129s9999 xx 000 0 und d a9789717241890 aNicholas, Doug cDoug NicholsaBiblical sermons and studies on homosexuality, gay marriage and the bible:bfor study, teaching and preaching to the glory of god/ aManila:bChristian Growth Ministriesc2015 a137 p. ;bill. :c21 cm. aReligion aSexual orientation